Gedächtnis-Ausstellung Heinrich Angeli. Jännner 1928, (Record no. 37576)

MARC details
000 -LEADER
fixed length control field 00510cam a22001697 4500
001 - CONTROL NUMBER
control field ltf91042320
003 - CONTROL NUMBER IDENTIFIER
control field DLC
005 - DATE AND TIME OF LATEST TRANSACTION
control field 20260227111553.0
008 - FIXED-LENGTH DATA ELEMENTS--GENERAL INFORMATION
fixed length control field 910412q19001959au 000 0 ger
010 ## - LIBRARY OF CONGRESS CONTROL NUMBER
LC control number ltf91042320
040 ## - CATALOGING SOURCE
Original cataloging agency DLC
Transcribing agency DLC
Modifying agency DLC
050 00 - LIBRARY OF CONGRESS CALL NUMBER
Classification number 4ND 734
110 2# - MAIN ENTRY--CORPORATE NAME
Corporate name or jurisdiction name as entry element Künstlerhaus Wien.
245 10 - TITLE STATEMENT
Title Gedächtnis-Ausstellung Heinrich Angeli. Jännner 1928,
Remainder of title Künstlerhaus.
260 ## - PUBLICATION, DISTRIBUTION, ETC.
Place of publication, distribution, etc. [Wien,
Name of publisher, distributor, etc. Verlag der Genossenschaft der bildenden Künstler Wiens (Künstlerhaus)
Date of publication, distribution, etc. 19 ]
300 ## - PHYSICAL DESCRIPTION
Extent 17 p.

No items available.

Powered by Koha